000 01131nam a22002657a 4500
001 8161
003 FISKH
005 20250829115108.0
008 250829b cb ||||| |||| 00| 0 eng d
020 _a9781368059282
040 _aFISKH
_beng
_cFISKH
_dFISKH813.6
082 _a813.6
100 _aTopol, Becca
245 _aThe new royal detective /
_cWritten by Becca Topol ; Illustrated by Parvati Pollai
260 _aLos Angeles :
_bDisney Press,
_c2020.
300 _a32 unnumbered pages :
_bcolor illustrations ;
_c24 cm
505 _aR
520 _aMira uses all her senses-eyes, ears, and sometimes nose!-to find clues and solve mysteries. Queen Shanti is so impressed with the clever young girl that she asked Mira to be the Royal Detective for all of Jalpur. With her new detective coat and magnifying glass, Mira has the tools and the skills to help people all over her city. Mira is on the case!.
521 8 _a660
_bLexile estimate
521 8 _aR
_bRaz-Plus
650 _aPicture Book
_vFriendship
_xMystery
700 _aPollai, Parvati
_eillustrator
942 _2ddc
_cBK
_n0
999 _c8161
_d8161